| 000 | 00455nam a2200157 4500 | ||
|---|---|---|---|
| 001 | 109493 | ||
| 003 | ES-MaACL | ||
| 005 | 20230906184843.0 | ||
| 007 | t| | ||
| 008 | 061121s1973 sp r ||||1| spa d | ||
| 100 | 1 |
_aMulet, María. _984104 |
|
| 245 | 1 | 0 |
_aNadal al cor _b: ( Poemes per a tots) / _cMaría Mulet. |
| 260 |
_aValencia : _b[s.n.], _c1973 ( _fImp. J. Domenech) |
||
| 300 |
_a140 p. : _bil. ; _c21 cm. |
||
| 852 |
_aES-MaACL _jC-56122 _bR.88754 |
||
| 999 |
_c109493 _d109493 |
||